000 00861nam a22002897a 4500
001 4656
003 FISKH
005 20240919091704.0
008 240919b cb ||||| |||| 00| 0 eng d
020 _a9780380728855
040 _aFISKH
_beng
_cFISKH
_dFISKH
050 _aPZ7.A953
082 _2808.899
100 _aAvi
_d1937-
245 _aThe true confessions of Charlotte Doyle /
_cAvi
250 _aFirst printing in 1992
260 _aNew York :
_bAvon Books,
_c1992.
300 _a229 pages :
_c20cm
505 _aR
520 _aAs the lone "young lady" on a transatlantic voyage in 1832, Charlotte learns that the captain is murderous and the crew rebellious.
521 8 _a740L
_bLexile
521 8 _aR
_bRaz-Plus
650 _2Historical fiction
_aSailing
650 _2Fiction
_aAdventure
942 _2ddc
_cBK
_n0
999 _c4656
_d4656